[Event "RUS-chT 13th"]
[Site "Sochi"]
[Date "2006.04.24"]
[Round "5"]
[White "Kharlov, Andrei"]
[Black "Sveshnikov, Evgeny"]
[Result "1-0"]
[WhiteElo "2555"]
[BlackElo "2524"]
[PlyCount "83"]
[EventDate "2006.04.20"]
[EventType "team-tourn"]
[EventRounds "11"]
[EventCountry "RUS"]
[SourceTitle "EXT 2020"]
[Source "ChessBase"]
[SourceDate "2019.10.17"]
[SourceVersion "1"]
[SourceVersionDate "2019.10.17"]
[SourceQuality "1"]
[WhiteTeam "Kazan Ladya"]
[BlackTeam "Chelyabinsk South Ural"]
[WhiteTeamCountry "RUS"]
[BlackTeamCountry "RUS"]

1. Nf3 d5 2. b3 Bg4 3. e3 e5 4. Bb2 f6 5. h3 Be6 6. c4 c6 7. Nc3 Bd6 8. Qc2 Ne7 $146 ({RR} 8... a6 9. d3 Ne7 10. Be2 O-O 11. O-O b5 12. Rfd1 Nd7 13. a3 Qb8 14. b4 Kh8 15. Nd2 f5 16. Nb3 f4 17. cxd5 cxd5 18. exf4 Rxf4 19. d4 Qf8 20. Bf1 exd4 21. Nxd4 Rxf2 22. Nxe6 Rxc2 23. Nxf8 {Strikovic,A (2479)-Grigoryan,K (2654) Santiago de Compostela 2020 0-1 (57)}) ({RR} 8... a6 9. d3 Ne7 10. Be2 O-O 11. O-O b5 12. Rfd1 Nd7 13. a3 Qb8 14. b4 Kh8 15. Nd2 f5 16. Nb3 f4 17. cxd5 cxd5 18. exf4 Rxf4 19. d4 Qf8 20. Bf1 exd4 21. Nxd4 Rxf2 22. Nxe6 Rxc2 23. Nxf8 {Strikovic,A (2479)-Grigoryan,K (2654) Santiago de Compostela 2020 0-1 (57)}) 9. cxd5 cxd5 10. Nb5 Nbc6 11. Nxd6+ Qxd6 12. Be2 Rc8 13. Qd1 d4 14. exd4 e4 15. Nh2 Nxd4 16. O-O O-O 17. Bxd4 Qxd4 18. d3 e3 19. Nf3 Qb6 20. d4 Nd5 21. Bc4 Rfe8 22. Re1 Bf7 23. fxe3 Qc7 24. Qd2 Qg3 25. Rac1 a6 26. a4 Rc7 27. Re2 Rec8 28. a5 Re8 29. Rce1 Rce7 30. Qd3 Rd8 31. Qd2 Rde8 32. Kh1 Kh8 33. e4 Nf4 34. Bxf7 Rxf7 35. Re3 Qg6 36. Nh4 Qh5 37. Nf5 Rd7 38. Qf2 Ne6 39. e5 fxe5 40. Rxe5 Qf7 41. d5 Nc7 42. Nd6 1-0

[Event "Dubai op 08th"]
[Site "Dubai"]
[Date "2006.04.26"]
[Round "4"]
[White "Kacheishvili, Giorgi"]
[Black "Gagunashvili, Merab"]
[Result "1-0"]
[WhiteElo "2605"]
[BlackElo "2560"]
[PlyCount "131"]
[EventDate "2006.04.23"]
[EventType "swiss"]
[EventRounds "9"]
[EventCountry "UAE"]
[SourceTitle "EXT 2007"]
[Source "ChessBase"]
[SourceDate "2006.11.23"]
[SourceVersion "1"]
[SourceVersionDate "2006.11.23"]
[SourceQuality "1"]

1. Nf3 d5 2. g3 c6 3. Bg2 Nf6 4. O-O g6 5. d3 Bg7 6. Nbd2 O-O 7. e4 dxe4 8. dxe4 Bg4 9. h3 Bxf3 10. Qxf3 Nbd7 11. Qe2 e5 12. a4 ({RR} 12. c3 Qe7 13. a4 a5 14. Nc4 Nc5 15. Kh2 Rfd8 16. Bg5 h6 17. Bxf6 Bxf6 18. Rfd1 Rxd1 19. Qxd1 h5 20. h4 Qc7 21. Qf3 Kg7 22. Bh3 Rd8 23. Qe3 Be7 24. Qe2 Nb3 25. Rd1 Rxd1 26. Qxd1 Nc5 {Gokhale,R (2079)-Kamsky,G (2614) chess.com INT 2024 ½-½ (54)}) 12... a5 ({RR} 12... Qc7 13. Nc4 Rfd8 14. Be3 Nb6 15. Nd2 Ne8 16. c3 Nd7 17. f4 exf4 18. gxf4 Nd6 19. Qf2 Re8 20. a5 b6 21. axb6 axb6 22. Qf3 Rxa1 23. Rxa1 Nf8 24. Bf2 c5 25. h4 Qd8 26. Rd1 Qe7 27. Re1 {Morozevich,A (2741)-Anand,V (2779) Monte Carlo 2007 1-0 (48)}) 13. Nb3 $146 ({RR} 13. b3 Qc7 14. Nc4 Nb6 15. Nb2 Rfd8 16. Be3 Bf8 17. f3 Nbd7 18. Qf2 b6 19. Nd3 c5 20. Nb2 Nb8 21. Rfd1 Nc6 22. Bf1 Nh5 23. Bc4 Kh8 24. Bd5 Rd7 25. Rd2 Rad8 26. Rad1 Bg7 27. Nc4 Nb4 {Kadletz,K-Meffert,P St Veit 1995 1-0 (40)}) ({RR} 13. h4 Nc5 14. Rd1 Qe7 15. Nc4 h6 16. b3 Qc7 17. Ba3 b6 18. Bxc5 bxc5 19. Bh3 Rfd8 20. c3 Rab8 21. Rxd8+ Rxd8 22. Rd1 Rxd1+ 23. Qxd1 Nxe4 24. Qe1 f5 25. Bg2 Qd7 26. Bxe4 fxe4 27. Qxe4 Qd1+ {Haub,T (2411)-Lehtosaari,M (2177) chess.com INT 2023 1-0 (36)}) 13... Qc7 14. Be3 Rfd8 15. Rfd1 Nf8 16. h4 Ne6 17. Bh3 Re8 18. Qc4 Rad8 19. Rxd8 Qxd8 20. Bd2 Nd4 21. Bxa5 Qa8 22. Bb6 Nxe4 23. Nxd4 exd4 24. Qd3 Nf6 25. Bg2 Ng4 26. a5 Ne5 27. Qb3 Nd7 28. Bc7 Qc8 29. Bf4 Be5 30. Bd2 Qc7 31. Re1 Nf6 32. Qc4 Rd8 33. b4 Ng4 34. Qe2 h5 35. Bf3 d3 36. cxd3 Bd4 37. Bf4 Qd7 38. Bxg4 hxg4 39. Bg5 Qd6 40. Kg2 Bf6 41. Bxf6 Qxf6 42. Qxg4 Kg7 43. Qc4 Rd4 44. Qc3 Rd5 45. Rc1 Rd4 46. Qb2 Rd6 47. Qxf6+ Kxf6 48. Kf1 Rxd3 49. a6 bxa6 50. Rxc6+ Kf5 51. Rxa6 Rb3 52. Rb6 Rb1+ 53. Kg2 Rb2 54. Rb8 Kf6 55. b5 Rb3 56. b6 Kg7 57. g4 Kh7 58. f3 Rb5 59. Kg3 Rb4 60. Kf2 Rb3 61. Ke2 Kg7 62. b7 f5 63. gxf5 gxf5 64. h5 f4 65. h6+ Kh7 66. Kd2 1-0

[Event "Sigeman & Co 14th"]
[Site "Malmo"]
[Date "2006.04.28"]
[Round "1"]
[White "Cicak, Slavko"]
[Black "Hector, Jonny"]
[Result "1-0"]
[WhiteElo "2506"]
[BlackElo "2514"]
[PlyCount "81"]
[EventDate "2006.04.28"]
[EventType "tourn"]
[EventRounds "9"]
[EventCountry "SWE"]
[EventCategory "13"]
[SourceTitle "CBM 113"]
[Source "ChessBase"]
[SourceDate "2006.07.31"]
[SourceVersion "1"]
[SourceVersionDate "2006.07.31"]
[SourceQuality "1"]

1. Nf3 d5 2. g3 Nc6 3. Bg2 e5 4. d3 f5 5. O-O Nf6 6. c4 dxc4 7. Qa4 Bd6 8. Qxc4 Qe7 9. Bg5 ({RR} 9. Nc3 a6 10. Bg5 Be6 11. Qh4 O-O 12. e4 h6 13. exf5 hxg5 14. Nxg5 Bxf5 15. Nd5 Qd7 16. Qc4 Kh8 17. Qh4+ Nh7 18. Bh3 Nd4 19. Kh1 g6 20. Nf6 Rxf6 21. Nxh7 Qxh7 22. Qxf6+ Qg7 23. Qh4+ Kg8 {Reid,G (2170)-Hector,J (2512) Tylosand 2016 0-1 (55)}) 9... Be6 10. Qb5 O-O 11. Qxb7 Qd7 $146 ({RR} 11... Nb4 12. Ne1 e4 13. Qb5 Rab8 14. Qa4 h6 15. Bxf6 Qxf6 16. Nc3 exd3 17. Nxd3 Nxd3 18. exd3 Rxb2 19. Bd5 Qxc3 20. Bxe6+ Kh8 21. Rab1 Rxb1 22. Rxb1 Qxd3 23. Rd1 Qc3 24. Qxa7 Bc5 25. Qa6 f4 26. Qc4 {Stojanovski,S (2179)-Minko,D (2247) chess.com INT 2023 0-1 (38)}) ({RR} 11... Nb4 12. Ne1 e4 13. Qb5 Rab8 14. Qa4 h6 15. Bxf6 Qxf6 16. Nc3 exd3 17. Nxd3 Nxd3 18. exd3 Rxb2 19. Bd5 Qxc3 20. Bxe6+ Kh8 21. Rab1 Rxb1 22. Rxb1 Qxd3 23. Rd1 Qc3 24. Qxa7 Bc5 25. Qa6 f4 26. Qc4 {Stojanovski,S (2179)-Minko,D (2247) chess.com INT 2023 0-1 (38)}) 12. Qb5 Rab8 13. Qa4 Nd4 14. Qd1 Rxb2 15. Nxd4 exd4 16. Bxf6 Rxf6 17. Nd2 Rf8 18. Nc4 Bxc4 19. dxc4 Qe7 20. Qxd4 Rxe2 21. Bf3 Re5 22. Qxa7 f4 23. Qb7 Kh8 24. a4 fxg3 25. fxg3 Ref5 26. Kh1 Bxg3 27. hxg3 Qe5 28. Kg2 Rg5 29. g4 Qf4 30. Qb3 Qd2+ 31. Kh1 Rg6 32. Bg2 Re8 33. Ra2 Qd4 34. Raf2 Rg8 35. c5 h5 36. gxh5 Rg5 37. Qh3 Qxc5 38. Rf5 Rxf5 39. Qxf5 Qe7 40. Be4 Qh4+ 41. Kg2 1-0

[Event "Sigeman & Co 14th"]
[Site "Malmo"]
[Date "2006.05.01"]
[Round "4"]
[White "Hillarp Persson, Tiger"]
[Black "Khenkin, Igor"]
[Result "1-0"]
[WhiteElo "2524"]
[BlackElo "2602"]
[PlyCount "75"]
[EventDate "2006.04.28"]
[EventType "tourn"]
[EventRounds "9"]
[EventCountry "SWE"]
[EventCategory "13"]
[SourceTitle "CBM 113"]
[Source "ChessBase"]
[SourceDate "2006.07.31"]
[SourceVersion "1"]
[SourceVersionDate "2006.07.31"]
[SourceQuality "1"]

1. Nf3 d5 2. g3 g6 3. Bg2 Bg7 4. O-O e5 5. d3 Nc6 6. Nbd2 Nge7 7. c4 O-O 8. Rb1 a5 9. b3 h6 ({RR} 9... Re8 10. a3 h6 11. e3 Bf5 12. Ne1 Be6 13. Qc2 Qd7 14. b4 axb4 15. axb4 Bh3 16. b5 Nd8 17. Bb2 Bxg2 18. Kxg2 Ne6 19. Nef3 Ng5 20. Nxe5 Qh3+ 21. Kg1 Nf5 22. Nef3 Rxe3 23. Nxg5 hxg5 24. Bxg7 {Villavicencio Martinez,C (2195)-Khenkin,I (2600) El Sauzal 2007 0-1}) 10. a3 Be6 11. cxd5 Bxd5 $146 ({RR} 11... Nxd5 12. Bb2 Nb6 13. Nc4 Nxc4 14. bxc4 Rb8 15. Qa4 Qd7 16. Qb5 Bg4 17. Rfe1 Rfe8 18. Nd2 Bh3 19. Bh1 Nd4 20. Bxd4 exd4 21. Qxa5 c6 22. Ne4 Bf5 23. Qa7 Qe7 24. Rb2 b5 25. Qxe7 Rxe7 26. Reb1 {Danielsen,H (2494)-Bromann,T (2435) Ballerup 2010 1-0 (49)}) ({RR} 11... Nxd5 12. Bb2 Re8 13. Nc4 Bg4 14. h3 Bxf3 15. Bxf3 Nd4 16. Bg2 c6 17. e3 Nb5 18. Qc2 Qe7 19. Ra1 Kh7 20. Rfe1 Nd6 21. Bxd5 cxd5 22. Nb6 Ra6 23. Nxd5 Qd7 24. Kh2 Rc8 25. Qe2 Qb5 26. e4 {Mortazavi,A (2333)-Sarana,A (2697) chess.com INT 2024 0-1 (47)}) 12. Bb2 Re8 13. Re1 Nc8 14. e4 Be6 15. Nc4 a4 16. b4 Nd6 17. Rc1 Nb5 18. h4 Ncd4 19. Nxd4 Nxd4 20. Na5 b6 21. Nc6 Nxc6 22. Rxc6 Bd7 23. Rc2 h5 24. Bc1 Bb5 25. Bf1 Re6 26. d4 Bxf1 27. d5 Rd6 28. Kxf1 Qd7 29. Be3 f5 30. exf5 gxf5 31. Qxh5 f4 32. gxf4 exf4 33. Bxf4 Rxd5 34. Qg6 Qh3+ 35. Kg1 Qxh4 36. Qe6+ Kh8 37. Qxd5 Qxf4 38. Qxa8+ 1-0

[Event "Sigeman & Co 14th"]
[Site "Malmo"]
[Date "2006.05.03"]
[Round "6"]
[White "Timman, Jan H"]
[Black "Hector, Jonny"]
[Result "1-0"]
[WhiteElo "2616"]
[BlackElo "2514"]
[PlyCount "67"]
[EventDate "2006.04.28"]
[EventType "tourn"]
[EventRounds "9"]
[EventCountry "SWE"]
[EventCategory "13"]
[SourceTitle "CBM 113"]
[Source "ChessBase"]
[SourceDate "2006.07.31"]
[SourceVersion "1"]
[SourceVersionDate "2006.07.31"]
[SourceQuality "1"]

1. Nf3 d5 2. g3 Bg4 3. Bg2 Nd7 4. c4 e6 5. cxd5 exd5 6. O-O Bd6 7. Qb3 Nb6 8. Nc3 Nf6 9. h3 $146 ({RR} 9. a4 a5 10. Nb5 Be7 11. d3 O-O 12. Bf4 c6 13. Nc7 Bb4 14. Nxa8 Qxa8 15. h3 Bxf3 16. Bxf3 Re8 17. Qc2 Qc8 18. Bd2 Qxh3 19. Bxb4 axb4 20. Qc5 Nbd7 21. Qxb4 Ne5 22. Bg2 Qh5 23. Qh4 Qxh4 {Marn,J (2287)-Pantzar,M (2421) Chess.com INT 2021 ½-½ (89)}) ({RR} 9. a4 a5 10. Nb5 Be7 11. d3 O-O 12. Bf4 c6 13. Nc7 Bb4 14. Nxa8 Qxa8 15. h3 Bxf3 16. Bxf3 Re8 17. Qc2 Qc8 18. Bd2 Qxh3 19. Bxb4 axb4 20. Qc5 Nbd7 21. Qxb4 Ne5 22. Bg2 Qh5 23. Qh4 Qxh4 {Marn,J (2287)-Pantzar,M (2421) Chess.com INT 2021 ½-½ (89)}) 9... Bd7 10. d3 O-O 11. a4 a5 12. Be3 Ra6 13. Bd4 Re8 14. e4 dxe4 15. Ng5 Rf8 16. dxe4 c5 17. Be3 h6 18. Rfd1 Qb8 19. Nf3 Be6 20. Qc2 Nc4 21. Bc1 Ne5 22. Nxe5 Bxe5 23. Be3 Qc8 24. Kh2 Re8 25. Nb5 Bb8 26. Qxc5 Qxc5 27. Bxc5 Rc6 28. Bd4 Bb3 29. Re1 Rc4 30. e5 Nd7 31. Ra3 Bc2 32. Bd5 Rxa4 33. e6 fxe6 34. Rxe6 1-0

[Event "Ilyumzhinov Cup"]
[Site "Internet"]
[Date "2006.05.06"]
[Round "?"]
[White "Gabrielian, Artur"]
[Black "Kabanov, Nikolai"]
[Result "1-0"]
[WhiteElo "2520"]
[BlackElo "2504"]
[PlyCount "57"]
[EventDate "2006.05.06"]
[EventType "swiss"]
[EventRounds "13"]
[EventCountry "RUS"]
[SourceTitle "CBM 112 Extra"]
[Source "ChessBase"]
[SourceDate "2006.07.14"]
[SourceVersion "1"]
[SourceVersionDate "2006.07.14"]
[SourceQuality "1"]

1. g3 c5 2. Bg2 g6 3. d3 Bg7 4. Nf3 Nc6 5. O-O e5 6. Bg5 ({RR} 6. a4 Nge7 7. c3 O-O 8. Na3 d5 9. e4 h6 10. exd5 Nxd5 11. Re1 Re8 12. Nc4 Bf5 13. Nh4 Be6 14. Nf3 Qc7 15. Nfd2 Rad8 16. a5 f5 17. Qa4 Bf7 18. Nb3 b6 19. axb6 axb6 20. Qb5 Na7 {Cordova,E (2540)-Carlsen,M (2830) chess.com INT 2024 0-1 (49)}) ({RR} 6. Nbd2 Nge7 7. Re1 O-O 8. e4 d6 9. h4 h6 10. Nc4 f5 11. Bd2 Be6 12. b3 Qd7 13. Qc1 Kh7 14. h5 g5 15. exf5 Nxf5 16. c3 Kh8 17. Qc2 Qf7 18. g4 Nh4 19. Re3 Bxg4 20. Nxd6 Qxh5 {Salimiyan,B (2277)-Korol,D (2287) chess.com INT 2025 1-0}) 6... Nge7 7. Qc1 h6 ({RR} 7... d5 8. Bh6 O-O 9. Bxg7 Kxg7 10. c4 d4 11. Nbd2 Qc7 12. a3 a5 13. e3 Nf5 14. Ne4 b6 15. Qd2 Bb7 16. Rae1 Rad8 17. g4 Nd6 18. Ng3 e4 19. Nxe4 Nxe4 20. dxe4 a4 21. Qc2 Na5 22. exd4 {Gabrielian,A (2520)-Vorobiov,E (2540) Moscow 2006 ½-½ (37)}) 8. Bd2 d5 $146 ({RR} 8... d6 9. c3 Be6 10. a3 a5 11. c4 Nf5 12. Nc3 Qd7 13. Qd1 O-O 14. e4 Nfd4 15. Nd5 Nxf3+ 16. Bxf3 Qd8 17. Bg2 h5 18. Qc1 Nd4 19. Qd1 h4 20. h3 Kh7 21. Be3 Rh8 22. Bxd4 exd4 23. g4 {Munkhzul,T-Oyunsuvd,B (1645) Maribor 2012 0-1 (93)}) 9. c4 d4 10. a3 a5 11. a4 g5 12. Na3 O-O 13. Nb5 f5 14. h4 g4 15. Ne1 f4 16. Be4 Nf5 17. Bd5+ Kh8 18. Ng2 fxg3 19. fxg3 Nxg3 20. Rxf8+ Qxf8 21. Qe1 Nf5 22. Qf2 Qe7 23. Rf1 Nb4 24. Be4 g3 25. Qf3 Nxh4 26. Qh5 Nxg2 27. Bxh6 Qh4 28. Bxg7+ Kg8 29. Qf7# 1-0

[Event "Ilyumzhinov Cup"]
[Site "Internet"]
[Date "2006.05.06"]
[Round "?"]
[White "Gabrielian, Artur"]
[Black "Vysochin, Spartak"]
[Result "1-0"]
[WhiteElo "2520"]
[BlackElo "2555"]
[PlyCount "65"]
[EventDate "2006.05.06"]
[EventType "swiss"]
[EventRounds "13"]
[EventCountry "RUS"]
[SourceTitle "CBM 112 Extra"]
[Source "ChessBase"]
[SourceDate "2006.07.14"]
[SourceVersion "1"]
[SourceVersionDate "2006.07.14"]
[SourceQuality "1"]

1. g3 d5 2. Bg2 c6 3. d3 Bg4 4. Nd2 e6 5. h3 Bh5 6. Ngf3 Bd6 7. O-O Nd7 8. c4 Ne7 9. b3 $146 ({RR} 9. d4 f5 10. Ng5 Nf8 11. f4 h6 12. Ngf3 Nh7 13. Ne5 Nf6 14. Ndf3 O-O 15. b3 b5 16. c5 Bc7 17. a3 Qe8 18. Qe1 Ng6 19. Ra2 Nxe5 20. Nxe5 Ne4 21. Bxe4 dxe4 22. Be3 Kh7 23. Qc3 Rg8 {Poenisch,E-Rausch,S (2295) Germany 1996 ½-½}) 9... O-O 10. Bb2 a5 11. a3 Re8 12. Qc2 Qc7 13. Rac1 Rad8 14. Qc3 f6 15. b4 axb4 16. axb4 Bf7 17. c5 Bxg3 18. fxg3 Qxg3 19. Qd4 e5 20. Qf2 Qg6 21. Kh1 Nf5 22. Nh4 Ng3+ 23. Kg1 Qg5 24. Ndf3 Qf4 25. e3 Qxb4 26. Bc3 Qxc5 27. Bxe5 Qa3 28. Bxg3 Qxd3 29. Rfe1 g5 30. Bf1 Qe4 31. Nd2 Qe7 32. Nf5 Qf8 33. Bd6 1-0

[Event "Ilyumzhinov Cup"]
[Site "Internet"]
[Date "2006.05.06"]
[Round "?"]
[White "Moskvin, Vladimir"]
[Black "Ovetchkin, Roman"]
[Result "1-0"]
[WhiteElo "2691"]
[BlackElo "2548"]
[PlyCount "67"]
[EventDate "2006.05.06"]
[EventType "swiss"]
[EventRounds "13"]
[EventCountry "RUS"]
[SourceTitle "CBM 112 Extra"]
[Source "ChessBase"]
[SourceDate "2006.07.14"]
[SourceVersion "1"]
[SourceVersionDate "2006.07.14"]
[SourceQuality "1"]

1. Nf3 d5 2. g3 Bg4 3. Bg2 Nd7 4. O-O c6 5. d3 e6 6. Nbd2 Bc5 7. e4 Ne7 8. Qe1 ({RR} 8. h3 Bh5 9. Nb3 Bb6 10. a4 a5 11. Qe1 Bxf3 12. Bxf3 O-O 13. Be3 Bxe3 14. Qxe3 Qc7 15. Bg2 Rae8 16. f4 dxe4 17. dxe4 e5 18. f5 Nf6 19. g4 h6 20. Bf3 Rd8 21. h4 Rd6 22. g5 Nh7 {Piesik,P (2418)-Dubov,D (2699) Chess.com INT 2020 0-1 (48)}) 8... O-O 9. h3 Bh5 10. Nh2 $146 ({RR} 10. Kh1 b5 11. e5 a5 12. Ng1 Qc7 13. f4 Rae8 14. g4 Bg6 15. Ne2 f6 16. d4 Bb6 17. c3 fxe5 18. fxe5 c5 19. Nf3 Nc6 20. Be3 cxd4 21. Nexd4 Ncxe5 22. Nxb5 Nxf3 23. Rxf3 Qb8 24. Rxf8+ Nxf8 {Valdes Romero,L (2402)-Ovetchkin,R (2518) Chess.com INT 2020 1-0 (68)}) ({RR} 10. Kh1 Re8 11. e5 Qc7 12. g4 Bg6 13. b3 a5 14. a4 Ba7 15. Bb2 c5 16. Nh4 h5 17. f4 hxg4 18. hxg4 Bh7 19. f5 Nc6 20. Ndf3 d4 21. Ng5 Ndxe5 22. fxe6 fxe6 23. Nxh7 Kxh7 24. Qg3 Rh8 {Schmidt,P (2138)-Lueders,G (2271) Berlin 2004 ½-½ (50)}) 10... f5 11. Nb3 fxe4 12. dxe4 Bb6 13. Be3 Bf7 14. Rd1 Bxe3 15. Qxe3 Qb6 16. Rfe1 Rfe8 17. Qc3 a5 18. a3 a4 19. Nd4 e5 20. Nf5 Nxf5 21. exf5 d4 22. Qb4 c5 23. Qd2 Nf6 24. c3 Rad8 25. Ng4 Bb3 26. Rc1 Nxg4 27. hxg4 d3 28. c4 Rd4 29. Re4 Red8 30. Rxe5 Bxc4 31. Rxc4 Rxc4 32. Bd5+ Rxd5 33. Rxd5 Rd4 34. Re5 1-0

[Event "BIH-chT 5th"]
[Site "Banja Vrucica"]
[Date "2006.06.20"]
[Round "3"]
[White "Vukic, Milan"]
[Black "Milanovic, Danilo"]
[Result "1-0"]
[WhiteElo "2516"]
[BlackElo "2513"]
[PlyCount "80"]
[EventDate "2006.06.18"]
[EventType "team-tourn"]
[EventRounds "9"]
[EventCountry "BIH"]
[SourceTitle "EXT 2019"]
[Source "ChessBase"]
[SourceDate "2018.10.10"]
[SourceVersion "1"]
[SourceVersionDate "2018.10.10"]
[SourceQuality "1"]
[WhiteTeam "Sarajevo Zeljeznicar"]
[BlackTeam "Sarajevo SK Slavija Istocno"]
[WhiteTeamCountry "BIH"]
[BlackTeamCountry "BIH"]

1. Nf3 d5 2. g3 c5 3. Bg2 Nc6 4. c4 d4 5. d3 e5 6. O-O Bd6 7. e3 Nge7 8. exd4 cxd4 9. a3 a5 10. Re1 O-O 11. Nbd2 h6 ({RR} 11... f6 12. Rb1 a4 13. b4 axb3 14. Rxb3 Kh8 15. Qc2 b6 16. Ne4 Bc7 17. c5 Be6 18. Rb1 Bd5 19. cxb6 Bxb6 20. Nfd2 f5 21. Ng5 Ba5 22. Re2 Bxg2 23. Kxg2 Qd5+ 24. Ngf3 Bxd2 25. Bxd2 Rxa3 26. Qc4 {Mendonca,L (2562)-Grischuk,A (2745) Chess.com INT 2022 0-1 (31)}) ({RR} 11... Ng6 12. Qc2 Qe7 13. Ne4 Bc7 14. c5 Be6 15. b3 Bd5 16. Rb1 f5 17. Ned2 Kh8 18. Nxe5 Ngxe5 19. Bxd5 f4 20. Qd1 fxg3 21. hxg3 Rxf2 22. Kxf2 Nxd3+ 23. Kf1 Rf8+ 24. Nf3 Nxe1 25. Qxe1 Qd7 26. Be4 {Bruch,J (2180)-Kjoita,T (2055) Vrnjacka Banja SRB 2024 0-1 (67)}) 12. Qc2 Ng6 13. h4 $146 ({RR} 13. Rb1 Be6 14. c5 Bc7 15. b4 axb4 16. axb4 Ra2 17. Qd1 Nce7 18. Nc4 Nd5 19. Bd2 Qf6 20. Ra1 Rxa1 21. Qxa1 b5 22. cxb6 Nxb6 23. Nxb6 Bxb6 24. Rc1 Bd5 25. Ne1 Bxg2 26. Kxg2 Qe6 27. Qb1 Ra8 {Arjun,B (2231)-Sundararajan,K (2447) Forni di Sopra 2012 1-0 (45)}) 13... f5 14. c5 Bc7 15. Nc4 Qf6 16. h5 Nh8 17. Nb6 Bxb6 18. cxb6 Nf7 19. Bd2 Be6 20. Nh4 Rfd8 21. Qc5 Rac8 22. Qb5 Nd6 23. Qa4 Nf7 24. Rac1 Bd5 25. Rc5 Bxg2 26. Kxg2 f4 27. Qd1 Ng5 28. Qg4 Rf8 29. gxf4 Ne6 30. Rcc1 Nxf4+ 31. Bxf4 exf4 32. Re6 Qf7 33. Ng6 Rfe8 34. Nxf4 Rf8 35. Re4 Ne5 36. Qxc8 Rxc8 37. Rxc8+ Kh7 38. Kh1 Qd7 39. Rf8 Nf7 40. Re6 Ng5 1-0

[Event "Amsterdam NH Hotels 1st"]
[Site "Amsterdam"]
[Date "2006.08.25"]
[Round "6"]
[White "Beliavsky, Alexander G"]
[Black "Smeets, Jan"]
[Result "1-0"]
[WhiteElo "2625"]
[BlackElo "2532"]
[PlyCount "61"]
[EventDate "2006.08.19"]
[EventType "schev"]
[EventRounds "10"]
[EventCountry "NED"]
[SourceTitle "CBM 114"]
[Source "ChessBase"]
[SourceDate "2006.10.02"]
[SourceVersion "1"]
[SourceVersionDate "2006.10.02"]
[SourceQuality "1"]

1. Nf3 {Notkin,Maksim} d5 2. g3 c6 3. Bg2 Bg4 4. O-O Nd7 5. d3 e5 6. e4 dxe4 7. dxe4 Bc5 ({RR} 7... Ngf6 8. Qe2 Be7 9. b3 O-O 10. Bb2 Qc7 11. Nbd2 Rfe8 12. a4 Bf8 13. Nc4 Nc5 14. h3 Bxf3 15. Bxf3 b5 16. axb5 cxb5 17. Ne3 Rab8 18. Bg2 a5 19. Rfc1 Qb6 20. Bc3 a4 21. bxa4 Nxa4 22. Bd2 {Bareev,E (2663)-Rublevsky,S (2688) Novosibirsk 2012 ½-½ (46)}) ({RR} 7... Ngf6 8. Qe2 Bc5 9. b3 O-O 10. Bb2 Re8 11. Rd1 Qc7 12. Nbd2 a5 13. a4 Nf8 14. Nc4 Ng6 15. Ne3 Be6 16. Nf5 Ng4 17. N3d4 h5 18. Nxe6 fxe6 19. Ne3 Bxe3 20. fxe3 Qb6 21. Re1 Rf8 22. Bf3 {Nanayakkara,S (1813)-Wijerathna,V (2117) Colombo SRI 2025 0-1 (55)}) 8. Nbd2 ({RR} 8. Qe1 a5 9. a4 Ne7 10. Na3 f6 11. Nc4 Be6 12. Qe2 b5 13. Ne3 Qb6) 8... Ne7 ({RR} 8... Be6) 9. Nc4 Qc7 10. Be3 $146 ({RR} 10. Qe1 Be6 11. Qc3 b5 ({RR} 11... f6 12. b4) 12. Ne3 ({RR} 12. Ncxe5 b4) 12... f6 13. a4 b4 14. Qd3 a5 15. b3 Nb6 16. Bb2 Rd8 17. Qe2 O-O 18. Rfd1 Rxd1+ 19. Rxd1 Rd8 20. Bf1 Kf7 ({RR} 20... Rxd1 21. Nxd1 Nec8) 21. Bxe5 fxe5 22. Ng5+ Kf6 23. Qh5 g6 ({RR} 23... Bg8 24. Ng4#) ({RR} 23... Ng6 24. Nxh7+ Kf7 25. Ng5+ Kf6 26. Nxe6) 24. Qxh7 Bxe3 {Krasnov,S (2325)-Utemov,V (2405) Moscow 1994 CBM 043 [Notkin,Maksim] 0-1 (54)} ({RR} 24... Kxg5 25. Qh4#) ({RR} 24... Rc8 25. Nxe6 Kxe6 26. Bh3+) ({RR} 24... Bc8 25. h4 Rf8 26. Rd3) ({RR} 24... Bd4 25. Rxd4 exd4 ({RR} 25... Rxd4 26. Qh8+ Kxg5 27. Qh4#) 26. f4 Nd7 27. e5+ Nxe5 28. Ne4#)) 10... Rd8 11. Qe1 f6 12. Bxc5 Nxc5 13. Qb4 b6 14. a4 Nb7 15. a5 b5 16. Ne3 Be6 17. c4 Qd6 18. Qc3 b4 19. Qb3 Qc5 20. Ra4 Nxa5 21. Qxb4 Qxb4 22. Rxb4 c5 23. Ra4 Nec6 24. Nd5 Rb8 25. Nc7+ Ke7 26. Nxe6 Kxe6 27. Rd1 Rhd8 28. Rd5 Nb3 29. Ra6 Rd6 30. Nh4 g6 31. Nf5 1-0

[Event "RUS-ch 1st League 59th"]
[Site "Tomsk"]
[Date "2006.09.08"]
[Round "6"]
[White "Chuprov, Dmitry"]
[Black "Riazantsev, Alexander"]
[Result "1-0"]
[WhiteElo "2527"]
[BlackElo "2622"]
[PlyCount "111"]
[EventDate "2006.09.03"]
[EventType "swiss"]
[EventRounds "9"]
[EventCountry "RUS"]
[SourceTitle "CBM 114 Extra"]
[Source "ChessBase"]
[SourceDate "2006.11.03"]
[SourceVersion "1"]
[SourceVersionDate "2006.11.03"]
[SourceQuality "1"]

1. b3 d5 2. Bb2 Nf6 3. e3 g6 4. c4 Bg7 5. Nf3 O-O 6. cxd5 Qxd5 ({RR} 6... Nxd5 7. Bxg7 Kxg7 8. d4 Qd6 9. Qc1 Bg4 10. Be2 Nd7 11. O-O c5 12. Rd1 Rac8 13. Qb2 Qf6 14. Ne5 Be6 15. Nxd7 Bxd7 16. Bf3 Be6 17. Bxd5 Bxd5 18. Nc3 Rfd8 19. Rac1 cxd4 20. Rxd4 Bc6 21. Rcd1 {So,W (2760)-Vachier Lagrave,M (2736) chess.com INT 2022 ½-½ (121)}) 7. Nc3 ({RR} 7. Be2 c5 8. Nc3 Qd8 9. Na4 b6 10. d4 cxd4 11. Nxd4 Bb7 12. Bf3 Bxf3 13. Qxf3 Qd5 14. Rc1 Nbd7 15. Nc6 Rfe8 16. Qxd5 Nxd5 17. Bxg7 Kxg7 18. Ke2 Rec8 19. Rhd1 e6 20. e4 N5f6 21. f3 Kf8 {Abel,D (2374)-Lammers,M (2296) Verden an der Aller GER 2025 0-1 (46)}) 7... Qd8 8. a3 $146 ({RR} 8. Be2 Re8 9. O-O c5 10. Rc1 a6 11. Na4 b6 12. d4 cxd4 13. Qxd4 Nbd7 14. Rfd1 Bb7 15. Ne5 Nd5 16. Nxf7 Bxd4 17. Nxd8 Bxb2 18. Nxb7 Bxc1 19. Rxd5 Nf6 20. Rd1 b5 21. Rxc1 bxa4 22. bxa4 Rec8 {Pilch,H (1784)-Eberth,M (1872) Gemuend 1999 ½-½ (55)}) ({RR} 8. d4 c5 9. Be2 Nc6 10. O-O cxd4 11. exd4 Be6 12. Re1 Bd5 13. Ne5 Qd6 14. Rc1 Rac8 15. Nb5 Qb8 16. Bf3 Rfd8 17. Nxc6 Bxc6 18. Bxc6 bxc6 19. Nc3 e6 20. Qf3 Nd5 21. Ne4 Qb4 22. Re2 Qb6 {Stephan,V (2439)-Terrieux,K (2448) Europe Echecs INT 2020 0-1 (51)}) 8... Bf5 9. d4 c5 10. dxc5 Ne4 11. Na4 Qa5+ 12. b4 Qxa4 13. Qxa4 Bxb2 14. Rd1 Bc3+ 15. Ke2 a5 16. b5 Bf6 17. Rc1 Nd7 18. Nd4 Ndxc5 19. Qc4 Nd6 20. Qxc5 Rac8 21. Nxf5 gxf5 22. Qxc8 Nxc8 23. Kf3 Bb2 24. Rc7 Bxa3 25. Rxb7 a4 26. Rb8 Bb2 27. b6 Be5 28. Ra8 Nxb6 29. Ra6 Rb8 30. Bb5 e6 31. g3 Bf6 32. Bxa4 Nc4 33. Rc1 Nd2+ 34. Kg2 Ne4 35. Bc6 Nc3 36. Ra3 Nb1 37. Ra8 Rxa8 38. Bxa8 Nc3 39. Bc6 Kf8 40. Ra1 h6 41. Ra8+ Kg7 42. Ra7 Kf8 43. Kf1 Be7 44. Ra8+ Kg7 45. Rb8 Bd6 46. Rb7 Kf8 47. Ke1 Na2 48. Kd2 Be5 49. Bf3 Bd6 50. Kd3 Nb4+ 51. Kc4 Nc2 52. Kc3 Na3 53. Be2 Be5+ 54. Kd2 Bd6 55. Kc1 Be5 56. Ra7 1-0